There's Only One Tree Hill - Statistics

General Stats
  • This quiz has been taken 1,370 times
  • The average score is 32 of 40
Answer Stats
Hint Answer % Correct
What is Nathan Scott's basketball jersey number? 23
99%
Who murders Keith Scott? Dan Scott
97%
Who does Brooke marry in Season 8? Julian Baker
94%
What is the above character's nickname? Jamie
93%
How old are Nathan and Haley when they get married? 16
92%
What is the name of the singer that Haley goes on tour with in Season 2? Chris Keller
92%
What is the name of the Tree Hill Ravens basketball coach? Whitey Durham
92%
What is the full name of Haley and Nathan's oldest child? James Lucas Scott
91%
What is Nathan and Haley's couple name? Naley
90%
Which of Nathan's team mates does Deb date in season 6? Antwon "Skills" Taylor
89%
What is the name of Brooke's first fashion line? Clothes Over Bros
89%
What was the name of the Cafe run by Lucas' mom? Karen's Cafe
89%
What item does Nathan give Haley out of a cracker jack box in Season 1? A Bracelet
88%
What is Mouth's actual first name in the show? Marvin
88%
What was the name of Brooke's assistant/Mouth's love interest (wife)? Millicent Huxtable
88%
What former friend of Brooke's does Dan marry in Season 7? Rachel Gatina
88%
Where did Lucas and Peyton hide out during the school shooting? The Library
88%
What is Haley's middle name? Bob
85%
What is the name of the boy who is shot, killed and framed for Keith's murder in Season 3? Jimmy Edwards
85%
What is the name of the crazy nanny that kidnaps Jamie and Dan? Carrie
84%
What does Brooke nickname Haley in Season 3? Tutor Girl
83%
What is the name of Lucas' younger sister? Lily Rose
82%
What is the name of Jamie's pet rabbit? Chester
81%
What is the name of Lucas and Peyton's daughter? Sawyer Brooke Scott
80%
What is Lucas' middle name? Eugene
79%
Where does Karen go to cooking school in Season 1? Italy
79%
Who sings the theme song 'I Don't Wanna Be'? Gavin DeGraw
78%
What is Brooke Davis' middle name? Penelope
77%
What NBA team did Nathan play for? The Charlotte Bobcats
77%
What did the characters call the basketball court where Nathan and Lucas faced off in Season 1? The River Court
77%
Who was shot and killed by the same person that attacked Brooke? Quentin Fields
76%
What is the name of Lucas' second book? The Comet
74%
What is the name of Jake's daughter, who Peyton helps care for? Jenny
71%
What is the name of the foster child Brooke takes in Season 6? Sam Walker
71%
What was the name of Jamie's friend who Chase mentored? Chuck
70%
What is Nathan's middle name? Royal
66%
How was Peyton's adoptive mother killed? Running a red light
63%
What is the name of Clay's son? Logan
56%
What band member from Fall Out Boy did Peyton date in Season 3? Pete Wentz
56%
What other popular TV series did Lee Norris (Mouth) act in prior to OTH? Boy Meets World
40%
No matching quizzes found
Score Distribution
Percent of People with Each Score
Percentile by Number Answered
Your Score History
You have not taken this quiz